| 000 | 01221cab a2200229 4500 | ||
|---|---|---|---|
| 001 | ABS67575 | ||
| 008 | 040326n2004 000 0 eng u | ||
| 035 | _a(Sirsi) u125606 | ||
| 100 | _aHemsley, A. | ||
| 245 | 4 | _aThe NEC: a user's guide | |
| 260 | _c2004 | ||
| 490 |
_aBuilding _v269(8231) 27 February 2004, 51(1) |
||
| 520 | _aExamines the changing of partnering contracts and the need for more consideration as to how the contracts operate. This is the case with the New Engineering Contract (NEC) which works quite differently to the JCT forms. For example, the NEC contract for compensation events includes quite defined and tight timescales for notification. Argues for users of a new contract to consult the provisions frequently and use it as a day-to-day management tool. Further believes that the language of the NEC contract should be made simpler. | ||
| 590 | _aABS | ||
| 650 | _aBUILT ENVIRONMENT-BUILDING CONTRACT FORMS-STANDARD FORMS OF BUILDING CONTRACT-JOINT CONTRACTS TRIBNUAL CONTRACTS | ||
| 650 | _aNEW ENGINEERING CONTRACT | ||
| 650 | _aPPC 2000 | ||
| 650 | _aPARTNERING AGREEMENTS | ||
| 650 | _aCONTRACT PROCEDURE | ||
| 690 | _aBUILT ENVIRONMENT-BUILDING CONTRACT FORMS | ||
| 942 | _n0 | ||
| 999 |
_c74307 _d74307 |
||